Ελλάδα : προϊστορικά και κλασικά μνημεία = Greece : prehistoric and classical monuments
Αποθηκεύτηκε σε:
| Συγγραφή απο Οργανισμό/Αρχή: | |
|---|---|
| Άλλοι συγγραφείς: | , |
| Μορφή: | Βιβλίο |
| Γλώσσα: | Greek English |
| Δημοσίευση: |
Αθήνα :
Υπουργείο Πολιτισμού,
c2002.
|
| Θέματα: | |
| Ετικέτες: |
Προσθήκη ετικέτας
Δεν υπάρχουν, Καταχωρήστε ετικέτα πρώτοι!
|
MARC
| LEADER | 00000cam a2200000 i 4500 | ||
|---|---|---|---|
| 001 | 1/73156 | ||
| 008 | 050310s2002####gr | | ||| |||| ||gre|| | ||
| 020 | |a 9607037332 | ||
| 035 | |l 10077016 | ||
| 040 | |a GR-MyUa |b gre |e AACR2 | ||
| 041 | 0 | |a gre |a eng | |
| 082 | 0 | |a 938 |2 (21) | |
| 245 | 1 | 0 | |a Ελλάδα : |b προϊστορικά και κλασικά μνημεία = Greece : prehistoric and classical monuments / |c επιστημονική επιμέλεια Έλενα Κόρκα, Ελένη Κωνσταντινίδη-Συβριδή ; Ελληνική Δημοκρατία - Υπουργείο Πολιτισμού, Γενική Διέυθυνση Αρχαιοτήτων, Τμήμα Ξένων Αρχαιολογικών Σχολών. |
| 246 | 1 | |i Παράλληλος τίτλος: |a Greece: |b prehistoric and classical monuments | |
| 260 | |a Αθήνα : |b Υπουργείο Πολιτισμού, |c c2002. | ||
| 300 | |a 191 σ. : |b εγχρ. εικ. ; |c 27 εκ. | ||
| 651 | 0 | |a Greece |x Antiquities. | |
| 700 | 1 | |a Κόρκα, Έλενα. | |
| 700 | 1 | |a Κωνσταντινίδη-Συβρίδη, Ελένη. | |
| 710 | 1 | |a Ελλάς. |b Υπουργείο Πολιτισμού. | |
| 852 | |a INST |b LESVOS |e 20050310 |h 938 ΕΛΛ |p 005100030940 |q 005100030940 |t BK |y 0 | ||
| 901 | |a BIBL1-2005-1 | ||
| 970 | |a ΤΖΑΦΕΡΗ |b ΕΥΑΓΓΕΛΙΑ |z 2005/03/10 | ||